| 000 | 01089nam a22003011i 4500 | ||
|---|---|---|---|
| 005 | 20210420120756.0 | ||
| 008 | 210420r20041985-ukado|e f||| 001 0 eng d | ||
| 020 | _a9780198525585 | ||
| 040 |
_aPPAK _beng _cPPAK _erda |
||
| 082 | 0 | 4 |
_223 _a616 |
| 090 | 0 | 0 |
_a616 _bLON _dR |
| 100 | 1 | 0 |
_aMurray, Longmore, _eauthor. |
| 245 | 1 | 0 |
_aOXFORD HANDBOOK OF CLINICAL MEDICINE / _cMURRAY LONGMORE, IAN B WILKINSON, SUPRAJ R RAJAGOPALAN |
| 250 | _aSIXTH EDITION | ||
| 264 | 1 |
_aOxford : _bOxford University Press ; _c2004 |
|
| 300 |
_axxii, 874 pages : _bcolour illustrations, charts and colour photographs ; _c18 cm. |
||
| 336 |
_2rdacontent _atext |
||
| 337 |
_2rdamedia _aunmediated |
||
| 338 |
_2rdacarrier _avolume |
||
| 500 | _aOVER A MILLION COPIES SOLD WORLDWIDE-- "Cover" | ||
| 500 | _aIncludes index. | ||
| 650 | 1 | 0 |
_aClinical medicine _vHandbooks, manuals, etc. |
| 650 | 2 | 0 |
_aMedicine _xSpecialties and specialists _v Handbooks, manuals, etc |
| 650 | 2 | 0 | _aClinical medicine. |
| 700 | 1 |
_aWilkinson, Ian B, _eauthor. |
|
| 700 | 1 |
_aRajagopalan, Supraj R, _eauthor. |
|
| 942 |
_2ddc _cB |
||
| 999 |
_c183555 _d183555 |
||